Utečenci zaplavujú svet

Kríza s utečencami nepostihuje iba Stredomorie a Európu. Kritický je i stav v juhovýchodnej Ázii. Koncept povinného premiestňovania utečencov vyvoláva v členských štátoch Európskej únie búrlivé debaty. Migračná agenda Európskej komisie definuje dva kľúčové pojmy obsiahnuté v balíčku navrhovaných opa...

Full description

Saved in:
Bibliographic Details
Main Author: Pressburg, Adrian Peter
Format: Book Chapter
Language:Slovak
Subjects:
Tags: Add Tag
No Tags, Be the first to tag this record!

MARC

LEADER 00000naa a2200000 4500
001 0201915
005 20231113103312.3
041 0 |a slo 
044 |a SK 
245 1 0 |a Utečenci zaplavujú svet  |c Adrian Peter Pressburg 
520 |a Kríza s utečencami nepostihuje iba Stredomorie a Európu. Kritický je i stav v juhovýchodnej Ázii. Koncept povinného premiestňovania utečencov vyvoláva v členských štátoch Európskej únie búrlivé debaty. Migračná agenda Európskej komisie definuje dva kľúčové pojmy obsiahnuté v balíčku navrhovaných opatrení - prvým je relokácia a druhým presídlenie. Krajiny s najväčším počtom žiadateľov o azyl. Počet žiadateľov o azyl na Slovensku (2010-2014). 
610 2 0 |a migrácia 
610 2 0 |a migrácia nelegálna 
610 2 0 |a politika azylová 
610 2 0 |a utečenci 
610 2 0 |a Európska únia 
610 2 0 |a Slovensko 
610 2 0 |a kvóty 
100 1 |a Pressburg, Adrian Peter